| 000 | 00628nmm a2200181Ia 4500 | ||
|---|---|---|---|
| 008 | 251105s9999||||xx |||||||||||||||||und|| | ||
| 041 | _aspa | ||
| 100 | _aCarpintero Molina, Elvira | ||
| 245 | 0 | _aRespuestas de la investigación a viejas y nuevas cuestiones en Educación Infantil | |
| 264 |
_a[Madrid, España] : _bMinisterio de Educación, Cultura y Deporte de España, _c2012 |
||
| 300 | _a276 páginas | ||
| 650 | _aEducation | ||
| 700 | _aCarpintero Molina, Elvira | ||
| 700 | 1 | _a Pastor Gil, Lorena | |
| 700 | 1 | _a García García, Marta | |
| 856 | _uhttps://public.digitaliapublishing.com/a/20904 | ||
| 942 | _cCF | ||
| 999 |
_c63589 _d63589 |
||